Order and Justice in International Relations / (Record no. 14355)
[ view plain ]
| 000 -LEADER | |
|---|---|
| fixed length control field | 01541cam a22003494a 4500 |
| 001 - CONTROL NUMBER | |
| control field | 12882985 |
| 005 - DATE AND TIME OF LATEST TRANSACTION | |
| control field | 20060721210518.0 |
| 008 - FIXED-LENGTH DATA ELEMENTS--GENERAL INFORMATION | |
| fixed length control field | 020803s2003 enk | b 001 0 eng d |
| 010 ## - LIBRARY OF CONGRESS CONTROL NUMBER | |
| LC control number | 2002028264 |
| 020 ## - INTERNATIONAL STANDARD BOOK NUMBER | |
| International Standard Book Number | 0199251193 (pbk. : acidfree paper) |
| 040 ## - CATALOGING SOURCE | |
| Original cataloging agency | DLC |
| Transcribing agency | DLC |
| Modifying agency | DLC |
| 042 ## - AUTHENTICATION CODE | |
| Authentication code | pcc |
| 050 00 - LIBRARY OF CONGRESS CALL NUMBER | |
| Classification number | JZ1308 |
| Item number | .O73 2003 |
| 082 00 - DEWEY DECIMAL CLASSIFICATION NUMBER | |
| Classification number | 327.101 |
| Edition number | 21 |
| Item number | ORD |
| 245 00 - TITLE STATEMENT | |
| Title | Order and Justice in International Relations / |
| Statement of responsibility, etc | Edited by Rosemary Foot, John Gaddis, and Andrew Hurrell. |
| 260 ## - PUBLICATION, DISTRIBUTION, ETC. (IMPRINT) | |
| Place of publication, distribution, etc | Oxford : |
| Name of publisher, distributor, etc | Oxford University Press, |
| Date of publication, distribution, etc | c2003. |
| 300 ## - PHYSICAL DESCRIPTION | |
| Extent | xiv, 313 p. ; |
| Dimensions | 25 cm. |
| 504 ## - BIBLIOGRAPHY, ETC. NOTE | |
| Bibliography, etc | Includes bibliographical references and index. |
| 541 ## - IMMEDIATE SOURCE OF ACQUISITION NOTE | |
| Source of acquisition | Bacca ; |
| 650 #0 - SUBJECT ADDED ENTRY--TOPICAL TERM | |
| Topical term or geographic name as entry element | International relations. |
| 9 (RLIN) | 15788 |
| 650 #0 - SUBJECT ADDED ENTRY--TOPICAL TERM | |
| Topical term or geographic name as entry element | Peace. |
| 9 (RLIN) | 15789 |
| 650 #0 - SUBJECT ADDED ENTRY--TOPICAL TERM | |
| Topical term or geographic name as entry element | Security, International. |
| 9 (RLIN) | 15790 |
| 650 #0 - SUBJECT ADDED ENTRY--TOPICAL TERM | |
| Topical term or geographic name as entry element | Justice. |
| 9 (RLIN) | 15791 |
| 700 1# - ADDED ENTRY--PERSONAL NAME | |
| Personal name | Foot, Rosemary, |
| Dates associated with a name | 1948- |
| Relator term | Editro |
| 9 (RLIN) | 15792 |
| 700 1# - ADDED ENTRY--PERSONAL NAME | |
| Personal name | Gaddis, John Lewis. |
| Relator term | Editor |
| 9 (RLIN) | 15793 |
| 700 1# - ADDED ENTRY--PERSONAL NAME | |
| Personal name | Hurrell, Andrew, |
| Dates associated with a name | 1955- |
| Relator term | Editor |
| 9 (RLIN) | 15794 |
| 856 42 - ELECTRONIC LOCATION AND ACCESS | |
| Materials specified | Publisher description |
| Uniform Resource Identifier | <a href="http://www.loc.gov/catdir/enhancements/fy0613/2002028264-d.html">http://www.loc.gov/catdir/enhancements/fy0613/2002028264-d.html</a> |
| 856 41 - ELECTRONIC LOCATION AND ACCESS | |
| Materials specified | Table of contents only |
| Uniform Resource Identifier | <a href="http://www.loc.gov/catdir/enhancements/fy0613/2002028264-t.html">http://www.loc.gov/catdir/enhancements/fy0613/2002028264-t.html</a> |
| 942 ## - ADDED ENTRY ELEMENTS (KOHA) | |
| Source of classification or shelving scheme | Dewey Decimal Classification |
| Item type | Book - Borrowing |
| Withdrawn status | Item status | Source of classification or shelving scheme | Damaged status | Not for loan | Vendor | Home library | Current library | Shelving location | Date acquired | Source of acquisition | Cost, normal purchase price | Serial Enumeration / chronology | Total Checkouts | Total Renewals | Full call number | Barcode | Date last seen | Date last borrowed | Koha item type |
|---|---|---|---|---|---|---|---|---|---|---|---|---|---|---|---|---|---|---|---|
| Dewey Decimal Classification | Baccah | Central Library | Central Library | First floor | 04/07/2010 | 250.00 | 10484 | 3 | 24 | 327.101 ORD | 000021345 | 22/10/2025 | 05/03/2014 | Book - Borrowing |